Kultevat and keygene work on dandelion rubber (Record no. 61894)

MARC details
000 -LEADER
fixed length control field 00290nam a2200109Ia 4500
245 #0 - TITLE STATEMENT
Title Kultevat and keygene work on dandelion rubber
260 ## - PUBLICATION, DISTRIBUTION, ETC. (IMPRINT)
Name of publisher The Rubber International
Year of publication 2013
300 ## - PHYSICAL DESCRIPTION
Number of Pages 46-47
650 ## - SUBJECT ADDED ENTRY--TOPICAL TERM
Topical Term Dandelio rubber
942 ## - ADDED ENTRY ELEMENTS (KOHA)
Koha item type Journals
Holdings
Withdrawn status Lost status Damaged status Not for loan Home library Current library Shelving location Date acquired Serial Enumeration / chronology Koha item type
      Journals RRII Library RRII Library Rubber technology 17/10/2013 Volume 15, Issue 6 Journals